BIBLIOTECA PODER JUDICIAL
Portal Judicial TDF

La derogación de las "multas" de la Ley Bases : (Registro nro. 5707)

000 -LEADER
fixed length control field 01794nab a22002777a 4500
003 - CONTROL NUMBER IDENTIFIER
control field OSt
005 - DATE AND TIME OF LATEST TRANSACTION
control field 20251230232347.0
008 - FIXED-LENGTH DATA ELEMENTS--GENERAL INFORMATION
fixed length control field 190605e xxu||||| |||| 00| 0 spa d
040 ## - CATALOGING SOURCE
Transcribing agency PJ
100 ## - MAIN ENTRY--PERSONAL NAME
9 (RLIN) 5232
Personal name Lalanne, Julio E.
245 13 - TITLE STATEMENT
Title La derogación de las "multas" de la Ley Bases :
Remainder of title ¿tiene efecto retroactivo? /
Statement of responsibility, etc Julio E. Lalanne.
260 ## - PUBLICATION, DISTRIBUTION, ETC. (IMPRINT)
Place of publication, distribution, etc Ciudad Autónoma de Buenos Aires :
Name of publisher, distributor, etc Thomson Reuters La Ley,
Date of publication, distribution, etc 2024.
300 ## - PHYSICAL DESCRIPTION
Extent p. 26-34
500 ## - GENERAL NOTE
General note Cita: TR LALEY AR/DOC/2131/2024<br/><br/>
505 ## - FORMATTED CONTENTS NOTE
Formatted contents note Sumario: I. Introducción.— II. Planteo del problema. Los fallos que aplican la Ley Bases en forma retroactiva y sus fundamentos.— III. Primera cuestión: las normas jurídicas que establecían indemnizaciones y agravamientos indemnizatorios, hoy derogadas, ¿son de naturaleza penal?; y, en consecuencia, ¿es aplicable a su respecto el principio de la ley penal más benigna? — IV. Segunda cuestión: ¿la situación jurídica que dio origen al derecho al cobro de las multas y agravamientos indemnizatorios se agotó con anterioridad a la entrada en vigencia de la Ley Bases?, ¿o, al contrario, se trata de una situación jurídica "existente" en los términos del art. 7° del Cód. Civ. Com. Nac.? — V. Conclusiones.
505 ## - FORMATTED CONTENTS NOTE
Title ¿Te interesa el texto completo? Solicitalo al correo: koha@justierradelfuego.gov.ar
650 #0 - SUBJECT ADDED ENTRY--TOPICAL TERM
9 (RLIN) 1316
Topical term or geographic name as entry element DERECHO LABORAL
650 #0 - SUBJECT ADDED ENTRY--TOPICAL TERM
9 (RLIN) 1323
Topical term or geographic name as entry element CONTRATO DE TRABAJO
650 #0 - SUBJECT ADDED ENTRY--TOPICAL TERM
9 (RLIN) 1803
Topical term or geographic name as entry element RELACIONES LABORALES
650 #0 - SUBJECT ADDED ENTRY--TOPICAL TERM
9 (RLIN) 1382
Topical term or geographic name as entry element INDEMNIZACION
650 #0 - SUBJECT ADDED ENTRY--TOPICAL TERM
9 (RLIN) 2488
Topical term or geographic name as entry element MULTA
650 #0 - SUBJECT ADDED ENTRY--TOPICAL TERM
9 (RLIN) 4428
Topical term or geographic name as entry element RELACIÓN DE DEPENDENCIA
650 #0 - SUBJECT ADDED ENTRY--TOPICAL TERM
9 (RLIN) 4429
Topical term or geographic name as entry element EMPLEO NO REGISTRADO
773 0# - HOST ITEM ENTRY
Host Biblionumber 2711
Host Itemnumber 3168
Place, publisher, and date of publication Ciudad Autónoma de Buenos Aires : Thomson Reuters La Ley, 1999-2002.
Title Revista de derecho del trabajo. Nº 5 - Septiembre 2024
942 ## - ADDED ENTRY ELEMENTS (KOHA)
Source of classification or shelving scheme
Koha item type Analítica Artículo de Revista

No hay ítems disponibles.

12 de Octubre 789 Ushuaia - Tel:  54(02901)441571
Horario de Atención: 8.00 a 17.00 hs. 
bibliotecaush@justierradelfuego.gov.ar
koha@justierradelfuego.gov.ar
Seguinos en nuestras redes @bibliojustdf 

Con tecnología Koha